| 000 | 00566nam a2200193Ia 4500 | ||
|---|---|---|---|
| 003 | GCL | ||
| 008 | 140319s9999 xx 000 0 eng d | ||
| 020 | _a7508509072 | ||
| 040 |
_aGCL / _cGCL |
||
| 082 | 0 | 4 |
_a915.1 _bQ E |
| 100 | 1 | _aQIUJU, HE | |
| 245 | 1 | 0 |
_aENJOYING EVERY DAY IN CHINA : _bINTERVIEWS WITH WIVES OF AMBASSADORS TO CHINA / _cQIUJU, HE |
| 260 |
_aالصين : _bCHINA INTERCONTINENTAL PRESS ، _c2006 |
||
| 300 |
_a22 CM ؛ _c122 P |
||
| 650 | 0 | 4 | _aCHINA - HISTORY |
| 650 | 0 | 4 | _aCHINA - DESCRIPTION AND TRAVEL |
| 650 | 0 | 4 | _aCHINA |
| 942 |
_2ddc _cBK |
||
| 999 |
_c9046 _d9046 |
||